| 000 | 00425nab a2200145Ia 4500 | ||
|---|---|---|---|
| 003 | ES-SlBCS | ||
| 005 | 20210601134616.0 | ||
| 008 | 140529s1993 xxu||||| |||| 00| 0 spa d | ||
| 041 | _aspa | ||
| 100 | 1 |
_aCarvajal, Leonardo _9220385 |
|
| 245 | 0 | 0 |
_aApuntes para la transformación educativa _c Leonardo Carvajal |
| 650 | 0 | 4 |
_aEducación _986687 |
| 773 | 0 |
_tAnthropos _gvol. 14, nº. 27, 1993, págs. 73-98 _wRev38 |
|
| 942 | _cAR | ||
| 999 |
_c615222 _d615222 |
||